| 000 | 00263 a2200085 4500 | ||
|---|---|---|---|
| 100 | 1 |
_aMalev, V.A.. _eAutor |
|
| 245 | 0 |
_aStrukturnaja izbytocnost v logiceskich ustrojstvach / _cMalev V.A.. |
|
| 710 | 2 |
_aSvjaz'. _eWydawca _4pbl |
|
| 260 |
_aMoskva : _bSvjaz', _c1978. |
||
| 300 |
_a190 s.; _c25 cm. |
||
| 999 |
_c7423 _d7423 |
||